Managing Volatility : A Vulnerability Exercise for Low-Income Countries.

This paper, introduces the analytical framework for a Vulnerability Exercise for Low-Income Countries (VE-LIC). The envisaged exercise will strive to identify vulnerabilities and emerging risks that arise from changes in the external environment in a consistent manner across countries and across tim...

全面介紹

書目詳細資料
企業作者: International Monetary Fund
格式: 雜誌
語言:English
出版: Washington, D.C. : International Monetary Fund, 2011.
叢編:Policy Papers; Policy Paper ; No. 2011/081
在線閱讀:Full text available on IMF
LEADER 01512cas a2200241 a 4500
001 AALejournalIMF020409
008 230101c9999 xx r poo 0 0eng d
020 |c 5.00 USD 
020 |z 9781498339209 
022 |a 2663-3493 
040 |a BD-DhAAL  |c BD-DhAAL 
110 2 |a International Monetary Fund. 
245 1 0 |a Managing Volatility :   |b A Vulnerability Exercise for Low-Income Countries. 
264 1 |a Washington, D.C. :  |b International Monetary Fund,  |c 2011. 
300 |a 1 online resource (51 pages) 
490 1 |a Policy Papers 
500 |a <strong>Off-Campus Access:</strong> No User ID or Password Required 
500 |a <strong>On-Campus Access:</strong> No User ID or Password Required 
506 |a Electronic access restricted to authorized BRAC University faculty, staff and students 
520 3 |a This paper, introduces the analytical framework for a Vulnerability Exercise for Low-Income Countries (VE-LIC). The envisaged exercise will strive to identify vulnerabilities and emerging risks that arise from changes in the external environment in a consistent manner across countries and across time. The objective is to strengthen the staff's capacity to spot vulnerabilities and flag potential pressure points in LICs arising from external triggers before they materialize. 
538 |a Mode of access: Internet 
830 0 |a Policy Papers; Policy Paper ;  |v No. 2011/081 
856 4 0 |z Full text available on IMF  |u http://elibrary.imf.org/view/journals/007/2011/081/007.2011.issue-081-en.xml  |z IMF e-Library